| Tag |
First Indicator |
Second Indicator |
Subfields |
| LEADER |
00000cam a2200000 a 4500 |
| 001 |
in00001069501 |
| 005 |
20150929095735.0 |
| 008 |
881104s1987 txuab s00010 eng d |
| 035 |
|
|
|a (OCoLC)18710971
|
| 035 |
|
|
|9 AFN6360AM
|
| 040 |
|
|
|a IKM
|c IKM
|d UtOrBLW
|
| 049 |
|
|
|a IKMD
|
| 086 |
|
|
|a P400.1 Se69t 1987
|2 txdocs
|
| 099 |
|
9 |
|a P400.1
|a Se69t
|a 1987
|
| 110 |
1 |
|
|a Texas.
|b Parks and Wildlife Department.
|
| 245 |
1 |
0 |
|a Serving Texas.
|
| 264 |
|
1 |
|a [Austin, Tex.] :
|b Texas Parks & Wildlife Dept.,
|c [1987]
|
| 300 |
|
|
|a 12 pages :
|b color illustrations, 1 color map ;
|c 22 cm.
|
| 336 |
|
|
|a text
|b txt
|2 rdacontent
|
| 337 |
|
|
|a unmediated
|b n
|2 rdamedia
|
| 338 |
|
|
|a volume
|b nc
|2 rdacarrier
|
| 500 |
|
|
|a Cover title.
|
| 500 |
|
|
|a "PWD-BK-9000-120-8/87"--P. [4] of cover.
|
| 610 |
1 |
0 |
|a Texas.
|b Parks and Wildlife Department.
|
| 650 |
|
0 |
|a Parks
|x Government policy
|z Texas.
|
| 650 |
|
0 |
|a Wildlife conservation
|x Government policy
|z Texas.
|
| 999 |
|
|
|a MARS
|
| 999 |
f |
f |
|s 22def072-8dd3-3b91-b8cf-9784f2d83c6d
|i 1a19e1d4-73b1-3934-9280-b633793da820
|t 0
|
| 952 |
f |
f |
|p normal
|a Texas A&M University
|b College Station
|c Sterling C. Evans Library
|d Evans: Texas Documents (Annex 5th floor)
|t 0
|e P400.1 Se69t 1987
|h Superintendent of Documents classification
|i unmediated -- volume
|m A14812432228
|
| 998 |
f |
f |
|a P400.1 Se69t 1987
|t 0
|l Evans: Texas Documents (Annex 5th floor)
|